Catálogo

Vista normal Vista MARC

Entrada Personal Name

Número de registros utilizados en: 1

001 - CONTROL NUMBER

  • control field: 16789

003 - CONTROL NUMBER IDENTIFIER

  • control field: DLC

005 - DATE AND TIME OF LATEST TRANSACTION

  • control field: 20250224090206.0

008 - FIXED-LENGTH DATA ELEMENTS

  • fixed length control field: 841127n| azannaabn |a aaa

010 ## - LIBRARY OF CONGRESS CONTROL NUMBER

  • LC control number: n 84226740

035 ## - SYSTEM CONTROL NUMBER

  • System control number: (OCoLC)oca01228727

040 ## - CATALOGING SOURCE

  • Original cataloging agency: DLC
  • Language of cataloging: spa
  • Transcribing agency: Mx-PuUPA
  • Modifying agency: DLC
  • Description conventions: rda
  • Modifying agency: UPB
  • Modifying agency: Mx-PuUPA

046 ## - SPECIAL CODED DATES

  • Birth date: 19441210

100 1# - HEADING--PERSONAL NAME

  • Personal name: Salisbury, Joyce E.,
  • Dates associated with a name: 1944-

370 ## - ASSOCIATED PLACE

  • Place of residence/headquarters: Green Bay (Wisconsin)
  • Source of term: naf

372 ## - FIELD OF ACTIVITY

  • Field of activity: Historia
  • Source of term: lcsh

373 ## - ASSOCIATED GROUP

  • Associated group: Universidad de Wisconsin-Green Bay
  • Source of term: naf

374 ## - OCCUPATION

  • Occupation: Profesor universitario
  • Source of term: lcsh

375 ## - GENDER

  • Gender: mujer

377 ## - ASSOCIATED LANGUAGE

  • Language code: eng

378 ## - FULLER FORM OF PERSONAL NAME

  • Fuller form of personal name: Joyce Ellen

510 2# - SEE ALSO FROM TRACING--CORPORATE NAME

  • Control subfield: r
  • Relationship information: Employer:
  • Corporate name or jurisdiction name as entry element: University of Wisconsin--Green Bay

670 ## - SOURCE DATA FOUND

  • Source citation: Her Iberian popular religion, 600 B.C. to 700 A.D., 1985:
  • Information found: CIP t.p. (Joyce E. Salisbury)

670 ## - SOURCE DATA FOUND

  • Source citation: Her Sex in the Middle Ages, 1991:
  • Information found: CIP t.p. (Joyce E. Salisbury) data sheet (b. 1944)

670 ## - SOURCE DATA FOUND

  • Source citation: West in the World, 2014:
  • Information found: eCIP data galley title page (Joyce Salisbury)

670 ## - SOURCE DATA FOUND

  • Source citation: Rome's Christian empress, 2015 (Joyce E. Salisbury; professor emeritus of history at the University of Wisconsin--Green Bay)

670 ## - SOURCE DATA FOUND

  • Source citation: United States Public Records Index, via FamilySearch, 17 April 2015
  • Information found: (Joyce Ellen Salisbury; born 10 December 1944; residence: Green Bay, Wisconsin)